| 000 | 02334nam a2200409 i 4500 | ||
|---|---|---|---|
| 001 | 195554 | ||
| 003 | SpMaBN | ||
| 005 | 20250712063143.0 | ||
| 008 | 240619s2005 sp | ||| ||spa | ||
| 016 | 7 |
_abimoBNE20050437082 _2SpMaBN |
|
| 017 |
_aM 14580-2005 _bOficina Depósito Legal Madrid |
||
| 020 | _a8436819470 | ||
| 035 | _a(OCoLC)630693484 | ||
| 040 |
_aSpMaBN _bspa _cSpMaBN _erdc _dES-MaACL |
||
| 080 | _a070(460):658.8 | ||
| 080 | _a050(460):658.8 | ||
| 100 |
_aMontero Rodríguez, Fernando, _d1966- _0XX1036971 _9237176 _eaut |
||
| 245 | 1 | 0 |
_aMarketing de periódicos y revistas / _cFernando Montero Rodríguez. |
| 260 |
_aMadrid : _bPirámide, _c[2005]. |
||
| 300 |
_a358 páginas : _bgráficos ; _c23 cm. |
||
| 336 |
_2rdacontent _atexto |
||
| 337 |
_2rdamedia _asin mediación |
||
| 338 |
_2rdacarrier _avolumen |
||
| 490 | 1 | _aColección "Marketing sectorial" | |
| 504 | _aBibliografía: páginas [355]-358 | ||
| 520 | _aEsta obra es una gran aportación a la escasísima literatura existente en castellano sobre el marketing aplicado a dos sectores tan dinámicos como el de los periódicos y el de las revistas. Se trata de un libro con un evidente enfoque práctico. En sus páginas el lector encontrará abundantes referencias a casos y situaciones reales vividas por el sector en los últimos años: lanzamientos destacados, reposicionamientos de cabeceras, promociones de impacto, algunos grandes fracasos, guerras entre publicaciones, pequeñas revistas que sorprenden al mercado con planteamientos audaces, etc. Este componente práctico se ha complementado con un enfoque pedagógico en el que se explican las herramientas del marketing que se aplican en estos mercados. | ||
| 650 | 0 |
_aPeriódicos- _xComercialización- _zEspaña _2embne _9237177 |
|
| 650 | 0 |
_aPublicaciones periódicas- _xComercialización- _zEspaña _2embne _9237178 |
|
| 852 |
_aES-MaACL _cDEPOJ _jN-10046 _hDonación: Helena de la Joya _xEncuadernación rústica _9206193 |
||
| 903 |
_aJoya, Helena de la _ednr |
||
| 942 |
_cMONOGRAFIA _n0 |
||
| 999 |
_c195554 _d195554 |
||